| 000 | 00673nam a22002057a 4500 | ||
|---|---|---|---|
| 999 |
_c172332 _d172332 |
||
| 005 | 20200203105505.0 | ||
| 010 | _aB-731184 | ||
| 020 |
_a9788121904629 _c240.00 |
||
| 035 | _aB-731184 | ||
| 037 | _bDBAD/Pub | ||
| 082 | _a571.2 | ||
| 100 | _aJain, V.K | ||
| 245 |
_aFundamentals of plant physiology: _cby V.K.Jain _b for degree, post graduate and various competitive examinations/ |
||
| 250 | _a12th ed | ||
| 260 |
_aNew Delhi _bS. Chand & Co Ltd _c2009 |
||
| 270 |
_aRam Nagar _bNew Delhi _e110055 |
||
| 300 |
_axi, 633p. _c24cm (pbk) _bill. |
||
| 942 |
_2ddc _cEN _mJAI _h571.2 |
||